[Event "Arnold Cup"]
[Site "Gausdal"]
[Date "1995.??.??"]
[Round "1"]
[White "Gausel, Einar"]
[Black "Sammalvuo, Tapani"]
[Result "1/2-1/2"]
[WhiteElo "2490"]
[BlackElo "2390"]

1.Nf3 d5 2.g3 Nf6 3.Bg2 g6 4.O-O Bg7 5.d3 O-O 6.Nbd2 c5 7.e4 Nc6 8.c3 dxe4
9.dxe4 Qc7 10.Qe2 b6 11.Re1 Rd8 12.h3 Nd7 13.Nf1 Nde5 14.Nxe5 Nxe5 15.Bf4 e6
16.Ne3 Qe7 17.Bxe5 Bxe5 18.a4 Rb8 19.Red1 Bb7 20.a5 Rxd1+ 21.Rxd1 Rd8 22.axb6 axb6
23.f4 Rxd1+ 24.Qxd1 Bc7 25.e5 Bxg2 26.Kxg2 h5 27.g4 hxg4 28.Nxg4 Bd8 29.Nf6+ Kf8
30.Qf3 Qa7 31.Qc6 Bxf6 32.exf6 Qb8 33.Qd7 Kg8 34.Kf3 c4 35.h4 b5 36.Ke4 Kf8
37.h5 gxh5 38.f5 Qa8+ 39.Ke3 Qb8 40.Kf3 Qa8+ 41.Ke3 Qb8  1/2-1/2

[Event "Gausdal Int"]
[Site "Gausdal"]
[Date "1995.??.??"]
[Round "6"]
[White "Ivanov, Mikhail M"]
[Black "Gausel, Einar"]
[Result "0-1"]
[WhiteElo "2450"]
[BlackElo "2490"]

1.Nf3 d5 2.g3 c6 3.Bg2 Bg4 4.O-O Nd7 5.d3 e6 6.Nbd2 Bd6 7.b3 Ne7 8.Bb2 O-O
9.c4 a5 10.a3 b5 11.cxb5 cxb5 12.Rc1 Qb6 13.Rc2 Rfc8 14.Rxc8+ Rxc8 15.Qa1 f6
16.Rc1 Rxc1+ 17.Qxc1 e5 18.Kf1 Be6 19.d4 e4 20.Ng1 f5 21.e3 b4 22.a4 Nf6
23.Ke1 Qb8 24.Nf1 g5 25.Ne2 Qf8 26.Qd2 Bc8 27.Bc1 Ba6 28.Qd1 Qc8 29.Bd2 Qb8
30.Qc1 Qe8 31.Ng1 Kg7 32.Qd1 h6 33.Qc1 Qh5 34.h3 Qe8 35.Ne2 Qb8 36.Kd1 Qa8
37.Nh2 Bd3 38.Qb2 Qb8 39.Bf1 Qc8 40.Ng1 Ba6 41.Qc2 Qb7 42.Bc1 Ng6 43.Bxa6 Qxa6
44.Qe2 Qxe2+ 45.Nxe2 h5 46.Nf1 h4 47.Bd2 g4 48.Ng1 Kh6 49.hxg4 fxg4 50.gxh4 Nxh4
51.Be1 Nf3 52.Ne2 Kg5 53.Neg3 Ne8 54.Nd2 Bc7 55.Ke2 Nd6 56.Kf1 Kh4 57.Nb1 Bd8
58.Bd2 Kh3 59.Bc1 Bg5 60.Ne2 Nf5 61.Bd2 g3 62.fxg3 Nxe3+ 63.Bxe3 Bxe3 64.Nf4+ Bxf4
65.gxf4 Kg4  0-1

[Event "Geneve op"]
[Site "Geneve"]
[Date "1995.??.??"]
[Round "5"]
[White "Weindl, Alfred"]
[Black "Kurz, Eugen"]
[Result "0-1"]
[WhiteElo "2385"]
[BlackElo "2330"]

1.g3 d5 2.Nf3 c6 3.Bg2 Bg4 4.O-O Nd7 5.d3 Ngf6 6.Nbd2 e5 7.e4 dxe4 8.dxe4 Bc5
9.Qe1 h6 10.Kh1 Qe7 11.a3 a5 12.Nh4 g5 13.Nf5 Bxf5 14.exf5 Kf8 15.Nc4 a4
16.Bd2 Kg7 17.Bc3 Rhe8 18.Rd1 Kh7 19.Bb4 e4 20.Nd6 Bxd6 21.Bxd6 Qd8 22.Qb4 Qb6
23.Rd2 Ra5 24.Rfd1 Rxf5 25.Qc4 Kg8 26.Bb4 Ne5 27.Qc3 Neg4 28.h3 Nxf2+ 29.Rxf2 Qxf2
30.Rf1 Qxf1+ 31.Bxf1 Rxf1+ 32.Kg2 Rf3 33.Qd4 Nd5 34.Bd2 Re6 35.h4 gxh4 36.gxh4 Nf4+
37.Bxf4 Rxf4 38.Kg3 Rf3+ 39.Kg2 Rg6+ 40.Kh2 Rf4  0-1

[Event "Genting zt"]
[Site "Genting"]
[Date "1995.??.??"]
[Round "5"]
[White "Tsang, Hon Ki"]
[Black "Aung Thant Zin"]
[Result "0-1"]
[WhiteElo "2200"]
[BlackElo "2215"]

1.Nf3 d5 2.g3 Nf6 3.Bg2 Bg4 4.c4 c6 5.cxd5 Nxd5 6.Ne5 Be6 7.d4 g6 8.e4 Nb6
9.O-O Bg7 10.Nc3 O-O 11.f4 Qc8 12.b3 Na6 13.Ba3 Re8 14.Rc1 f6 15.Nf3 Qd7
16.Qe2 Rad8 17.Rcd1 Nc7 18.Rd2 Bh3 19.Rfd1 Bxg2 20.Kxg2 e6 21.Qf2 Qf7 22.g4 Bf8
23.Bb2 Bd6 24.Ne2 Qe7 25.Rd3 Na6 26.e5 Bb8 27.exf6 Qxf6 28.Ng5 Nd5 29.Qh4 Rd7
30.Bc1 Nab4 31.Rf3 Nxa2 32.Bd2 Nab4 33.Qh3 a5 34.Ne4 Qf7 35.Nc5 Rde7 36.Ne4 Bc7
37.g5 Qf8 38.Qh4 Rd8 39.Rdf1 Qe8 40.Rh3 Rf7 41.N2c3 Qe7 42.Rhf3 h5 43.Ne2 Bb6
44.Rc1 Ra8 45.Qe1 Kg7 46.Nc5 Bxc5 47.dxc5 e5 48.f5 gxf5 49.Ng3 Kg6 50.Nxh5 Rh8
51.Bxb4 Rxh5 52.Bd2 e4 53.Rg3 f4 54.Rg4 e3 55.Bxa5 f3+ 56.Kh1 Rfh7 57.Qg3 Rh3
58.Qb8 Rh8 59.Qd6+ Qxd6 60.cxd6 Rxh2+  0-1

[Event "GER-ch U20 qual1"]
[Site "?"]
[Date "1995.??.??"]
[Round "6"]
[White "Ellers, Holger"]
[Black "David, Rene"]
[Result "0-1"]
[WhiteElo "2355"]
[BlackElo "2160"]

1.Nf3 d5 2.g3 Nf6 3.Bg2 c6 4.O-O Bf5 5.d3 h6 6.c4 e6 7.Be3 Nbd7 8.Qb3 Qc7
9.Nd4 Bg6 10.cxd5 exd5 11.Rc1 Qb6 12.h3 Bc5 13.Qxb6 axb6 14.Nc3 O-O 15.a3 b5
16.b4 Bb6 17.a4 bxa4 18.Nxa4 Bxd4 19.Bxd4 Rfe8 20.Kf1 Bf5 21.Nc3 Be6 22.Ke1 Rec8
23.Kd2 b6 24.Be3 Kf8 25.Bf4 Ke7 26.Kc2 d4 27.Ne4 Nxe4 28.dxe4 c5 29.bxc5 bxc5
30.Bd2 Rcb8 31.Bf4 Bb3+ 32.Kd2 Rxa1 33.Rxa1 Rb7 34.e5 Rb6 35.h4 Be6 36.Bf3 c4
37.Ra7 Bf5 38.Ra1 c3+ 39.Kd1 c2+  0-1

[Event "OL-SW 9596"]
[Site "GER"]
[Date "1995.??.??"]
[Round "?"]
[White "Ott, Wolfgang"]
[Black "Rosenberger, Frank"]
[Result "1/2-1/2"]
[WhiteElo "2410"]
[BlackElo "2275"]

1.Nf3 d5 2.g3 c6 3.Bg2 Nf6 4.O-O Bg4 5.d3 Nbd7 6.Re1 e5 7.e4 dxe4 8.dxe4 Bc5
9.Qe2 Qe7 10.Nbd2 O-O 11.h3 Bxf3 12.Qxf3 Rfe8 13.Nb3 Bb6 14.Be3 Bxe3 15.Rxe3 Nc5
16.Nxc5 Qxc5 17.Rc3 Qb6 18.Rb3 Qc5 19.Rc3 Qb6 20.Rb3  1/2-1/2

[Event "OL-SW 9596"]
[Site "GER"]
[Date "1995.??.??"]
[Round "?"]
[White "Bruch, Jochen"]
[Black "Bruch, Ingo"]
[Result "0-1"]
[WhiteElo "2275"]
[BlackElo "2310"]

1.Nf3 d5 2.g3 c6 3.Bg2 Bg4 4.O-O Nd7 5.d3 Ngf6 6.Nbd2 h6 7.c3 e6 8.Re1 Be7
9.Qc2 O-O 10.Nf1 a5 11.Bf4 Qb6 12.e4 dxe4 13.dxe4 Rfd8 14.Ne3 Bxf3 15.Bxf3 g5
16.e5 Nh7 17.Ng4 gxf4 18.Nxh6+ Kg7 19.Nxf7 Ng5 20.Bh5 Nxf7 21.Qg6+ Kh8 22.Qxf7 fxg3
23.hxg3 Rf8 24.Qxe7 Qxf2+ 25.Kh1 Qxg3 26.Qxe6 Qh4+ 27.Kg2 Rf2+  0-1

[Event "Oberliga Nord O9596"]
[Site "Germany"]
[Date "1995.??.??"]
[Round "?"]
[White "Kern, Johannes"]
[Black "Postler, Reinhard"]
[Result "1-0"]
[WhiteElo "2275"]
[BlackElo "2330"]

1.Nf3 d5 2.g3 c6 3.Bg2 Nf6 4.b3 Bg4 5.Ne5 Bf5 6.O-O Nbd7 7.Bb2 Nxe5 8.Bxe5 e6
9.c4 Be7 10.d3 O-O 11.Nd2 Nd7 12.Bc3 Bg6 13.b4 dxc4 14.Nxc4 Nb6 15.Qb3 Nxc4
16.Qxc4 Rc8 17.Rab1 Bf6 18.Rfc1 Bxc3 19.Rxc3 a6 20.a4 Qd7 21.Qc5 e5 22.Rbc1 Rce8
23.Rc4 Bf5 24.Qb6 Re6 25.Qe3 h6 26.b5 axb5 27.axb5 cxb5 28.Rc7 Qe8 29.Bxb7 Qb8
30.Qf3 Rf6 31.Qd5 Bh3 32.Qxb5 e4 33.dxe4 Rd8 34.Qc5 Rfd6 35.Bd5 Be6 36.Bxe6 Rxe6
37.Rc8 Rxc8 38.Qxc8+ Qxc8 39.Rxc8+ Kh7 40.f3 Ra6 41.Kf2 Ra2 42.f4 Ra3 43.Rc7 Kg8
44.e5 Rb3 45.h3 h5 46.e3 g6 47.Kf3 Rb2 48.Rc6 Rh2 49.e6 fxe6 50.Rxe6 Kf7
51.Re5 h4 52.gxh4 Rxh3+ 53.Kg4 Rh1 54.h5  1-0

[Event "BL2-N9495"]
[Site "Germany"]
[Date "1995.??.??"]
[Round "?"]
[White "Gaerths, Ronny"]
[Black "Slobodjan, Roman"]
[Result "0-1"]
[WhiteElo "2285"]
[BlackElo "2465"]

1.Nf3 d5 2.g3 c6 3.Bg2 Bg4 4.O-O Nd7 5.d3 e5 6.Nbd2 Ngf6 7.h3 Bh5 8.e4 Bd6
9.Qe1 O-O 10.Nh4 Re8 11.f4 exf4 12.gxf4 dxe4 13.dxe4 Nd5 14.Nb3 Nb4 15.Nf5 Bf8
16.Qf2 f6 17.Be3 Qc7 18.a3 Na6 19.Kh1 b6 20.Rae1 Nac5 21.Nxc5 Nxc5 22.Bd4 Rad8
23.Rg1 Bg6 24.Ng3 Bd6 25.Bf1 Bxf4 26.Bc4+ Kh8 27.Bxc5 bxc5 28.Nf5 Rd2 29.Re2 Rxe2
30.Bxe2 Bxf5 31.exf5 Be3  0-1

[Event "BL2-N9495"]
[Site "Germany"]
[Date "1995.??.??"]
[Round "?"]
[White "Geveke, Michael"]
[Black "Tomczak, Rainer"]
[Result "0-1"]
[WhiteElo "2325"]
[BlackElo "2320"]

1.Nf3 d5 2.g3 c6 3.Bg2 Bg4 4.d3 Nd7 5.Nbd2 Ngf6 6.h3 Bh5 7.O-O e5 8.e4 Bc5
9.Qe1 O-O 10.Nh4 Re8 11.Ndf3 Qc7 12.Nf5 Bxf3 13.Bxf3 dxe4 14.dxe4 Nf8 15.Bg5 N6d7
16.Rd1 Ne6 17.Qd2 Nb6 18.Be2 Nd4 19.Nxd4 exd4 20.Bf4 Qe7 21.Bd3 Qe6 22.Qa5 Bf8
23.Qh5 Na4 24.b3 g6 25.Qh4 Nc3 26.Ra1 Nxe4 27.Rfe1 Qd5 28.Bc4 Qc5 29.Bxf7+ Kxf7
30.Qxh7+ Bg7 31.Bh6 Qf8 32.Bxg7 Qxg7 33.Qh4 Nc3  0-1

[Event "NRW-Liga II 9495"]
[Site "Germany"]
[Date "1995.??.??"]
[Round "?"]
[White "Glettenberg, Joerg"]
[Black "Heisel, Guido"]
[Result "1/2-1/2"]
[WhiteElo "2195"]
[BlackElo "2255"]

1.Nf3 d5 2.g3 Nc6 3.Bg2 e5 4.d3 Bg4 5.Nbd2 Nf6 6.e4 dxe4 7.dxe4 Bc5 8.O-O O-O
9.c3 Qd3 10.h3 Bh5 11.Re1 Rad8 12.Bf1 Qd7 13.b4 Bb6 14.Qc2 a6 15.a4 Rfe8
16.Nh4 Kh8 17.Nc4 Ba7 18.b5 Nb8 19.Ba3 Qe6 20.Nf5 Bf3 21.Nh4 Bh5 22.Nf5 Bf3
23.Nh4 Bh5  1/2-1/2

[Event "BL2-N9495"]
[Site "Germany"]
[Date "1995.??.??"]
[Round "?"]
[White "Hegeler, Frank"]
[Black "Blauert, Joerg"]
[Result "1/2-1/2"]
[WhiteElo "2225"]
[BlackElo "2390"]

1.Nf3 d5 2.g3 Nf6 3.Bg2 c5 4.O-O Nc6 5.d4 e6 6.c4 Be7 7.cxd5 exd5 8.Nc3 O-O
9.dxc5 Bxc5 10.b3 Re8 11.Bb2 a6 12.Rc1 Ba7 13.e3 Bf5 14.a3 Rc8 15.Ne2 Be4
16.Nfd4 Ne5 17.Rxc8 Qxc8 18.f3 Bd3 19.Re1 Bg6 20.Nf4 Nc6 21.Bh3 Qd8 22.Nxc6 bxc6
23.Bd4 Qb8 24.b4 Bb6 25.Qd2 Bxd4 26.exd4 Qb6 27.Rxe8+  1/2-1/2

[Event "BL2-N9495"]
[Site "Germany"]
[Date "1995.??.??"]
[Round "?"]
[White "Thiede, Lars"]
[Black "Sperlich, Olaf"]
[Result "0-1"]
[WhiteElo "2350"]
[BlackElo "2290"]

1.g3 d5 2.Nf3 c6 3.Bg2 Nf6 4.O-O Bg4 5.b3 e6 6.Bb2 Nbd7 7.d3 Bd6 8.Qe1 O-O
9.e4 dxe4 10.dxe4 Bxf3 11.Bxf3 e5 12.Nd2 Re8 13.Nc4 Bc5 14.Rd1 Qc7 15.Bg2 b5
16.Ne3 g6 17.Qe2 h5 18.Rd3 Nf8 19.c3 Ne6 20.Nc2 Rad8 21.Rfd1 Ng4 22.Ne3 Nxe3
23.fxe3 Qe7 24.Bc1 h4 25.gxh4 Nf4  0-1

[Event "BL2-W9495"]
[Site "Germany"]
[Date "1995.??.??"]
[Round "?"]
[White "Oswald, Hans Joachim"]
[Black "Scheffner, Axel"]
[Result "1-0"]
[WhiteElo "2335"]
[BlackElo "2315"]

1.Nf3 d5 2.g3 Nf6 3.Bg2 c6 4.d3 Bf5 5.O-O h6 6.Nbd2 e6 7.Qe1 Be7 8.e4 Bh7
9.Qe2 O-O 10.a3 a5 11.b3 Na6 12.Bb2 Qb6 13.Rab1 Nc5 14.Ne5 Rad8 15.Rfe1 Ncd7
16.Nxd7 Rxd7 17.Kh1 Rfd8 18.e5 Ne8 19.f4 Nc7 20.Nf3 d4 21.a4 Bc5 22.Nd2 Bb4
23.Rg1 Bxd2 24.Qxd2 Nd5 25.Rbe1 Qb4 26.Qf2 Ne7 27.g4 b5 28.Ra1 Qc5 29.axb5 Qxb5
30.Ra4 c5 31.Rga1 Ra7 32.Bc1 Nd5 33.Bxd5 Rxd5 34.Bd2 Rd8 35.Rxa5 Rxa5 36.Rxa5 Qb6
37.Kg1 c4 38.bxc4 Qb1+ 39.Be1 Qd1 40.h3 h5 41.gxh5 Rb8 42.Rb5 Ra8 43.Qd2 Qf3
44.Qg2 Qe3+ 45.Kh2 Rd8 46.Bd2  1-0

[Event "NRW-Liga II 9495"]
[Site "Germany"]
[Date "1995.??.??"]
[Round "?"]
[White "Bayer, Ernst Wolfgang"]
[Black "Rottstaedt, Werner"]
[Result "0-1"]
[WhiteElo "2300"]
[BlackElo "2260"]

1.Nf3 d5 2.g3 Nf6 3.Bg2 e6 4.O-O Be7 5.d3 O-O 6.b3 c5 7.Bb2 Nc6 8.Nbd2 b6
9.c4 Bb7 10.cxd5 exd5 11.d4 Rc8 12.Rc1 Re8 13.dxc5 Bxc5 14.a3 Ba6 15.Re1 Bxf2+
16.Kxf2 Ng4+ 17.Kg1 Ne3 18.Rxc6 Nxd1 19.Rxc8 Qxc8 20.Rxd1 Qc2 21.Rb1 Bxe2
22.Re1 Qxb2 23.Kf2 Bb5 24.Rxe8+ Bxe8 25.a4 d4  0-1

[Event "BL2-S9495"]
[Site "Germany"]
[Date "1995.??.??"]
[Round "?"]
[White "Bialas, Wolfram"]
[Black "Klebel, Martin"]
[Result "1-0"]
[WhiteElo "2310"]
[BlackElo "2420"]

1.Nf3 d5 2.g3 c6 3.Bg2 Bg4 4.d3 Nd7 5.Nbd2 e6 6.h3 Bh5 7.O-O Bd6 8.b3 Ne7
9.Bb2 O-O 10.c4 a5 11.a3 b5 12.Rc1 Qb6 13.Rc2 Rfc8 14.Qa1 f6 15.Rfc1 Qb7
16.c5 Bb8 17.e4 e5 18.exd5 Nxd5 19.Ne4 Bf7 20.Nfd2 Rd8 21.Bf1 Nf8 22.d4 exd4
23.Bxd4 Ne6 24.Bb2 Bg6 25.Re1 Qd7 26.Rcc1 f5 27.Nd6 Ba7 28.Nb7 Qxb7 29.Rxe6 Re8
30.Re5 f4 31.g4 Re7 32.Bg2 Rae8 33.Bd4 Rxe5 34.Bxe5 Qe7 35.Bd6 Qe2 36.Nf3 Qd3
37.Nd4 b4 38.Rd1 Qa6 39.Nxc6 Nc3 40.Ne7+ Rxe7 41.Bxe7 Ne2+ 42.Kh1 Qe6 43.Rd8+ Kf7
44.Rf8+ Kxe7 45.Qxg7+ Bf7 46.Ra8  1-0

[Event "BL2-S9495"]
[Site "Germany"]
[Date "1995.??.??"]
[Round "?"]
[White "Fischer, Sebastian"]
[Black "Beck, Gerald"]
[Result "0-1"]
[WhiteElo "2220"]
[BlackElo "2260"]

1.Nf3 d5 2.g3 Nf6 3.Bg2 e6 4.O-O c5 5.d3 Nc6 6.Nbd2 Be7 7.e4 O-O 8.Re1 dxe4
9.dxe4 b6 10.c3 Bb7 11.e5 Nd5 12.Nf1 Qc7 13.h4 Rad8 14.Qe2 h6 15.N1h2 Rfe8
16.Ng4 Bf8 17.h5 Kh8 18.Nfh2 Nde7 19.Bf4 Nf5 20.Ne3 Nxe3 21.Qxe3 Ne7 22.Rad1 Bxg2
23.Kxg2 Nd5 24.Qe4 Nxf4+ 25.gxf4 c4 26.Nf3 a6 27.Rd4 Rxd4 28.Nxd4 Bc5 29.Nf3 b5
30.Rd1 Rd8 31.Rxd8+ Qxd8 32.Qc6 Qe7 33.Qxa6 Qd7 34.a4 bxa4 35.Qxc4 Bb6 36.Qe4 Qa7
37.Qc2 Bc5 38.Kg3 Kg8 39.Qd2 Kh7 40.Qd3+ Kg8 41.Qd8+ Kh7 42.Qd2 Kg8 43.Qe2 Qb7
44.Qc2 Qb5 45.c4 Qc6 46.f5 exf5 47.Qxf5 Qb6 48.Qc2 Qc6 49.Qd3 Qb6 50.Qc2 Qc6
51.Qd3 Qb6 52.Qe2 Qc6 53.Qc2 Kh8 54.Qd2 Kh7 55.Qd5 Qb6 56.Qe4+ Kg8 57.Qa8+ Kh7
58.Qe4+ Kg8 59.Qe2 Qc6 60.Qd2 Qb6 61.Kg2 Qb3 62.Qd8+ Kh7 63.Qd5 Qb6 64.Qxf7 Qxb2
65.Qf5+ Kg8 66.Qc8+ Bf8 67.Qe6+ Kh7 68.Qf5+ Kg8 69.Qe6+ Kh7 70.Nh4 Qb8 71.Qf5+ Kg8
72.Qe6+ Kh7 73.Qg6+ Kh8 74.Qf7 Bb4 75.e6 a3 76.e7 Bxe7 77.Qxe7 Qa8+ 78.f3 a2
79.Nf5 a1=Q  0-1

[Event "Bundesliga 9495"]
[Site "Germany"]
[Date "1995.??.??"]
[Round "?"]
[White "Hickl, Joerg"]
[Black "Lau, Ralf"]
[Result "1/2-1/2"]
[WhiteElo "2535"]
[BlackElo "2515"]

1.g3 d5 2.Nf3 c6 3.Bg2 Bg4 4.b3 Nd7 5.Bb2 e6 6.d3 Ngf6 7.O-O Bd6 8.Nbd2 O-O
9.c4 Re8 10.Qc2 Qe7 11.a3 a5 12.e4 dxe4 13.dxe4 e5 14.Nh4 Bc5 15.h3 Bh5 16.Nf5 Qd8
17.Rfe1 Qb6 18.Nf1 Nf8 19.Bc3 Rad8 20.N1e3 Bg6 21.b4 axb4 22.axb4 Bxb4 23.Reb1 c5
24.Bxb4 cxb4 25.Ra4 Ne6 26.Raxb4 Qa6 27.Rb6 Qa3 28.Rxb7 Nd4 29.Qb2 Qc5 30.Kh2 Bxf5
31.exf5 e4 32.Qb6 Rc8 33.Qxc5 Rxc5 34.g4 h6 35.Rd1 Ne2 36.h4 Nf4 37.Bf1 h5
38.Kg3 Nd3 39.Bxd3 exd3 40.g5 Ne4+ 41.Kf3 Nd6 42.Rd7 Nxf5  1/2-1/2

[Event "Bundesliga 9495"]
[Site "Germany"]
[Date "1995.??.??"]
[Round "?"]
[White "Hickl, Joerg"]
[Black "Luther, Thomas"]
[Result "1/2-1/2"]
[WhiteElo "2535"]
[BlackElo "2550"]

1.g3 d5 2.Nf3 Nf6 3.Bg2 c6 4.b3 Bg4 5.Bb2 Nbd7 6.O-O e6 7.c4 Bd6 8.d3 O-O
9.Nbd2 Qe7 10.a3 a5 11.Qc2 e5 12.e4 dxe4 13.dxe4 Rfd8 14.Nh4 Qe6 15.Rfe1 Nc5
16.Bc3 Bc7 17.Bf1 Bh3 18.Be2 Bg4 19.f3 Bh3 20.b4 Ncd7 21.Ng2 Nf8 22.Ne3 Qe7
23.Bf1 Bxf1 24.Ndxf1 Ne6 25.Nf5 Qf8 26.Qb2 g6 27.N5e3 Nd4 28.Kg2 h5 29.Rad1 axb4
30.axb4 Nd7 31.Nc2 Nxc2 32.Qxc2 Qe7 33.Ne3 Nf8 34.c5 Qe6 35.Rxd8 Bxd8 36.Ra1 Rxa1
37.Bxa1 Bc7 38.Nc4 f6 39.Qd3 Qd7 40.Qxd7 Nxd7 41.Kf2 Kf7 42.Ke2  1/2-1/2

[Event "Bundesliga 9495"]
[Site "Germany"]
[Date "1995.??.??"]
[Round "?"]
[White "Hickl, Joerg"]
[Black "Mueller, Karsten"]
[Result "1-0"]
[WhiteElo "2535"]
[BlackElo "2470"]

1.g3 d5 2.Nf3 c6 3.b3 Bg4 4.Bg2 Nd7 5.Bb2 Ngf6 6.O-O e6 7.d3 Be7 8.Nbd2 O-O
9.c4 a5 10.a3 Re8 11.Qc2 Bf8 12.e4 dxe4 13.dxe4 e5 14.Rfe1 Qb6 15.h3 Bc5
16.Re2 Bh5 17.Bc3 Nf8 18.Qb2 N6d7 19.Rb1 f6 20.b4 axb4 21.axb4 Be7 22.c5 Qc7
23.Nc4 b6 24.cxb6 Nxb6 25.Na5 Bf7 26.Be1 c5 27.Rc2 Rec8 28.h4 Qd7 29.b5 Be6
30.Nc6 Qe8 31.Ra1 Rxa1 32.Qxa1 Ra8 33.Qc1 Nfd7 34.Ba5 Bf8 35.Nd2 Qc8 36.Nf1 Qc7
37.Ne3 Nb8 38.Nd5 Bxd5 39.exd5 Nxc6 40.Bxb6 Qxb6 41.bxc6 Bd6 42.Rb2 Qa5 43.Be4 g6
44.h5 Qa1 45.Bb1 Ra7 46.Kg2 Kg7 47.h6+ Kf8 48.c7 Rxc7 49.Rb8+ Ke7 50.Re8+ Kxe8
51.Bxg6+ hxg6 52.Qxa1  1-0

[Event "Bundesliga 9495"]
[Site "Germany"]
[Date "1995.??.??"]
[Round "?"]
[White "Mowsziszian, Karen"]
[Black "Luther, Thomas"]
[Result "1-0"]
[WhiteElo "2470"]
[BlackElo "2550"]

1.Nf3 d5 2.g3 Nf6 3.Bg2 c6 4.b3 Bg4 5.Bb2 Nbd7 6.O-O Bxf3 7.Bxf3 e5 8.d3 Bc5
9.e3 O-O 10.Nd2 Qe7 11.a3 a5 12.Bg2 Rfe8 13.c4 Bd6 14.Kh1 Nc5 15.Qc2 e4 16.Bxf6 Qxf6
17.dxe4 Qg6 18.f3 dxe4 19.fxe4 Qh6 20.Rf3 Nd7 21.Nf1 Rad8 22.Rf5 Ne5 23.c5 Bc7
24.Rb1 g6 25.Rf4 Qg5 26.b4 axb4 27.axb4 h5 28.Nd2 Ng4 29.Nc4 Ne5 30.Nb2 Re7
31.Rbf1 Red7 32.Bh3 Rd2 33.Qb3 Kh8 34.b5 cxb5 35.Qxb5 Nc6 36.Qxb7 Bxf4 37.exf4 Qxc5
38.Qxf7 Qd4 39.Qxg6 Qxb2 40.Qh6+ Kg8 41.Be6+  1-0

[Event "Bundesliga 9495"]
[Site "Germany"]
[Date "1995.??.??"]
[Round "?"]
[White "Ribli, Zoltan"]
[Black "Hoffmann, Michael"]
[Result "1-0"]
[WhiteElo "2605"]
[BlackElo "2470"]

1.g3 d5 2.Nf3 c6 3.Bg2 Bg4 4.b3 Nd7 5.Bb2 e6 6.d3 Ngf6 7.O-O Bc5 8.Nbd2 O-O
9.e4 dxe4 10.dxe4 e5 11.Qe2 Re8 12.h3 Bh5 13.Rad1 b5 14.g4 Bg6 15.Nh4 a5
16.Nf5 a4 17.Nf3 Qc7 18.Ne1 Bf8 19.Nd3 axb3 20.axb3 Ra2 21.Ra1 Rea8 22.Rxa2 Rxa2
23.Ra1 Rxa1+ 24.Bxa1 Ne8 25.g5 f6 26.gxf6 Nexf6 27.Bc3 Bf7 28.Qe3 Be6 29.Qg5 Kh8
30.f4 exf4 31.Nxf4 Bf7 32.Kh1 h6 33.Qg3 Kh7 34.e5 g5 35.exf6 gxf4 36.Qg4  1-0

[Event "Bundesliga 9495"]
[Site "Germany"]
[Date "1995.??.??"]
[Round "?"]
[White "Roos, Daniel"]
[Black "Luther, Thomas"]
[Result "1/2-1/2"]
[WhiteElo "2455"]
[BlackElo "2510"]

1.Nf3 d5 2.g3 Nf6 3.Bg2 e6 4.c4 dxc4 5.Qa4+ c6 6.Qxc4 b5 7.Qc2 Bb7 8.O-O Nbd7
9.b3 Rc8 10.Bb2 Be7 11.Nc3 O-O 12.Ne4 Nxe4 13.Qxe4 Bf6 14.Rfb1 Qb6 15.a4 a6
16.Ne5  1/2-1/2

[Event "Bundesliga 9495"]
[Site "Germany"]
[Date "1995.??.??"]
[Round "?"]
[White "Troyke, Christian"]
[Black "Boensch, Uwe"]
[Result "1/2-1/2"]
[WhiteElo "2355"]
[BlackElo "2540"]

1.g3 d5 2.Nf3 Bg4 3.Bg2 Nd7 4.O-O e6 5.c4 dxc4 6.Qa4 c6 7.Qxc4 Bxf3 8.Bxf3 Ne5
9.Qb3 Nxf3+ 10.Qxf3 Nf6 11.Nc3 Be7 12.d3 O-O 13.Be3 Nd5 14.Nxd5 exd5 15.Rfc1 f5
16.Bd4 Bf6 17.Bxf6 Qxf6 18.Rab1 Rae8 19.b4 f4 20.gxf4 Qd4 21.e3 Qxd3 22.b5 d4
23.bxc6 bxc6 24.Qxc6 dxe3 25.Qc4+ Qxc4 26.Rxc4 e2 27.Re1 Re6 28.f3 Rf5 29.Rc8+ Kf7
30.Rc7+ Kf6 31.Rxa7 Rxf4 32.Kf2 Rh4 33.Kg3 g5 34.Rb7 Rf4 35.Kf2 Rh4 36.Kg3  1/2-1/2

[Event "Bundesliga 9495"]
[Site "Germany"]
[Date "1995.??.??"]
[Round "?"]
[White "Troyke, Christian"]
[Black "Rabiega, Robert"]
[Result "1/2-1/2"]
[WhiteElo "2355"]
[BlackElo "2475"]

1.Nf3 d5 2.g3 c6 3.Bg2 Bg4 4.c4 e6 5.b3 Nd7 6.Bb2 Ngf6 7.O-O Bc5 8.d4 Bb6
9.cxd5 exd5 10.Ba3 Ne4 11.Nfd2 Ndf6 12.Nxe4 dxe4 13.Nc3 Bxd4 14.Qc2 Qa5 15.Bb2 O-O
16.Nxe4 Bxb2 17.Qxb2 Nxe4 18.Bxe4 Rfe8 19.Qc2 Qh5 20.f3 Bh3 21.Rfd1 Rad8
22.b4 Qh6 23.Qc3 Rd6 24.Rxd6 Qxd6 25.Bd3 Re5 26.e4 Qc7 27.Qd4 Re8 28.Bf1 Bxf1
29.Rxf1 a5 30.a3 Rd8 31.Qc5 axb4 32.axb4 Qd7 33.Kg2 h6 34.Rf2 Qd3 35.Qb6 Rd7
36.b5 cxb5 37.Rb2 Qc4 38.Qxb5 Rd2+ 39.Kh3 Qe6+ 40.g4 Rxb2 41.Qxb2 Qc6 42.Kg2 b5
43.Qb4 g5 44.Qd4 Kh7 45.e5 Qc2+ 46.Kg3 Qb3 47.Qe4+ Kg7 48.Qc6 Qc4 49.Qxc4 bxc4
50.Kf2 f6 51.e6 Kf8 52.Ke3 Ke7 53.Kd4 Kxe6 54.Kxc4 Ke5 55.Kd3 Kf4 56.Ke2 f5
57.h3 Ke5 58.Kd3 Kf4 59.Ke2  1/2-1/2

[Event "Bundesliga 9495"]
[Site "Germany"]
[Date "1995.??.??"]
[Round "?"]
[White "Vaganian, Rafael A"]
[Black "Mueller, Mat"]
[Result "1-0"]
[WhiteElo "2640"]
[BlackElo "2375"]

1.Nf3 d5 2.g3 Nf6 3.Bg2 e6 4.O-O Be7 5.c4 O-O 6.d4 c6 7.Nc3 Nbd7 8.Qd3 b6
9.e4 Ba6 10.b3 dxc4 11.bxc4 e5 12.dxe5 Ng4 13.Bf4 Nc5 14.Qxd8 Rfxd8 15.h3 Nh6
16.Rfd1 Bxc4 17.Nd4 Rac8 18.Bxh6 gxh6 19.Nf5 Bf8 20.Nd6 Bxd6 21.exd6 Nd3
22.Rd2 Rxd6 23.Rad1 f6 24.Bf1 Rcd8 25.Ne2  1-0

[Event "BL2-W9495"]
[Site "Germany"]
[Date "1995.??.??"]
[Round "?"]
[White "Martinovic, Slobodan"]
[Black "Cuijpers, Frans Andre"]
[Result "1/2-1/2"]
[WhiteElo "2455"]
[BlackElo "2425"]

1.Nf3 d5 2.g3 Nf6 3.Bg2 Bf5 4.d3 e6 5.c4 c6 6.O-O Be7 7.Be3 dxc4 8.dxc4 Qxd1
9.Rxd1 Nbd7 10.Nc3 e5 11.h3 h6 12.Nd2 a5 13.Nde4 Nxe4 14.Nxe4 Bxe4 15.Bxe4 g6
16.Kg2 Nc5 17.Bc2 Ne6 18.Bd2 Bb4 19.Bc1 Ke7 20.a3 Bd6 21.e3 b5 22.cxb5 cxb5
23.Bd2 f5 24.g4 e4 25.Bc3 Rhd8 26.gxf5 gxf5 27.Rd5 b4 28.axb4 axb4 29.Rxa8 Rxa8
30.Be5 Bxe5 31.Rxe5 Kf6 32.Rb5 Rg8+ 33.Kf1 Rc8 34.Bb3 Nc5 35.Rxb4 Nd3 36.Rb6+ Kg5
37.Bf7 f4 38.Rg6+ Kf5 39.Be6+ Kxg6 40.Bxc8 fxe3 41.fxe3 Nxb2  1/2-1/2

[Event "Oberliga Nord O9495"]
[Site "Germany"]
[Date "1995.??.??"]
[Round "?"]
[White "Kern, Johannes"]
[Black "Liesecke, Alfred"]
[Result "1-0"]
[WhiteElo "2275"]
[BlackElo "2070"]

1.Nf3 d5 2.g3 c6 3.Bg2 Nf6 4.O-O Bg4 5.d3 Nbd7 6.c4 e6 7.b3 a5 8.Nc3 Bd6
9.h3 Bh5 10.cxd5 exd5 11.Nh4 Bc5 12.g4 Bg6 13.Bf4 d4 14.Na4 Be7 15.Bg3 Nd5
16.Nf3 O-O 17.Qc1 Rc8 18.Nb2 c5 19.a4 Nc3 20.Qd2 Bf6 21.g5 Be7 22.e4 f6 23.h4 fxg5
24.Nxg5 Bxg5 25.hxg5 Bh5 26.Bh3 Rc6 27.e5 Rg6 28.f4  1-0

[Event "Oberliga Nord O9495"]
[Site "Germany"]
[Date "1995.??.??"]
[Round "?"]
[White "Schulz, Karsten"]
[Black "Muse, Drazen"]
[Result "1/2-1/2"]
[WhiteElo "2330"]
[BlackElo "2295"]

1.Nf3 d5 2.g3 Nf6 3.Bg2 e6 4.O-O Be7 5.c4 dxc4 6.Qa4+ Bd7 7.Qxc4 Bc6 8.Nc3 Nbd7
9.d4 O-O 10.Re1 Ne4 11.d5 Nd6 12.Qd3 Nc5 13.Qd1 exd5 14.Nxd5 Re8 15.Nxe7+ Qxe7
16.Bg5 f6 17.Bf4 Rad8 18.Qc2 Ne6 19.Be3 Be4 20.Qb3 Kh8 21.Bh3 b6 22.Red1 c5
23.Rd2 Bf5 24.Bg2 Bg4 25.Rad1 Nf5 26.Rxd8 Rxd8 27.Rxd8+ Nxd8 28.Qd3 Nxe3
29.fxe3 Nf7 30.Kf2 g6 31.e4 Kg7 32.a3 Bc8 33.Qe3 Bb7 34.Nd2 Ne5 35.Bf3 Qd6
36.Qc3 Qe6 37.Nf1 Qc4 38.Qd2 Qe6 39.Ne3 Qd7 40.Qxd7+ Nxd7  1/2-1/2

[Event "Hessenliga"]
[Site "Germany"]
[Date "1995.??.??"]
[Round "?"]
[White "Weber, Ulrich"]
[Black "Ostojic, Predrag"]
[Result "1/2-1/2"]
[WhiteElo "2275"]
[BlackElo "2335"]

1.Nf3 d5 2.g3 Bg4 3.Bg2 Nd7 4.d3 Ngf6 5.Nbd2 e5 6.e4 dxe4 7.dxe4 Bc5 8.Qe2 O-O
9.h3 Be6 10.Ng5 Re8 11.Nxe6 Rxe6 12.O-O c6 13.a4 Re8 14.Nb3 a5 15.Qc4 Bf8
16.Be3 Qc7 17.Rfd1 Nb6 18.Qe2 Nc8 19.Rd2 Nd6 20.Rad1 Rad8 21.f3 Nc8 22.Rxd8 Rxd8
23.Rxd8 Qxd8 24.Qd2 Qxd2 25.Bxd2 b6 26.Bf1 Bd6 27.Ba6 Ne7 28.Be3 Nd7 29.h4 Kf8
30.Bf1 Ke8 31.Bh3 Bc7 32.Kf2 Nc8 33.Ke2 Nd6 34.Bxd7+ Kxd7 35.Kd3 h5 36.Nd2 b5
37.b3 Nc8 38.Nb1 bxa4 39.bxa4 Bb6 40.Bd2 Bf2 41.g4 Nb6 42.gxh5 Nxa4 43.h6 gxh6
44.h5 Ke6 45.Bxh6 Kf6 46.Bd2 Bb6 47.Na3 Nc5+ 48.Ke2 Bc7 49.Nc4 a4 50.Be3 Ne6
51.h6 Kg6 52.Kd3 f6 53.Kc3 c5 54.Kb2 Nd4 55.Nd2 Ba5 56.Nc4 Bc7 57.Nd2 a3+
58.Ka2 Ba5 59.Nc4 Bb4 60.c3 Bxc3 61.Kxa3 Nxf3 62.Bxc5 Kxh6 63.Be3+ Kh5 64.Kb3 Bd4
65.Kc2 Kg4 66.Kd3 Ne1+ 67.Kd2 Nf3+ 68.Kd3 Ba1 69.Bc1 Ne1+ 70.Ke2 Ng2 71.Ne3+ Nxe3
72.Bxe3 Bc3 73.Bf2 Bb4 74.Be3 Ba3 75.Bd2 Bc5 76.Bc1 Bg1 77.Ba3 f5 78.exf5 Kxf5
79.Bd6  1/2-1/2

[Event "Hessenliga"]
[Site "Germany"]
[Date "1995.??.??"]
[Round "?"]
[White "Weber, Ulrich"]
[Black "Schnelzer, Reinhard"]
[Result "1-0"]
[WhiteElo "2275"]
[BlackElo "2305"]

1.Nf3 d5 2.g3 c6 3.Bg2 Bf5 4.O-O e6 5.d3 h6 6.c4 Nf6 7.Nc3 Be7 8.cxd5 exd5
9.Bf4 O-O 10.Re1 Na6 11.h3 Nc5 12.Nd4 Bh7 13.Rb1 Ne6 14.Nxe6 fxe6 15.e4 Rf7
16.b4 Nd7 17.b5 Bc5 18.d4 Bb6 19.bxc6 bxc6 20.Rc1 Nf6 21.e5 Ne8 22.Na4 Ba5
23.Bd2 Rc8 24.Nc5 Re7 25.Bxa5 Qxa5 26.Qb3 Qb6 27.Bf3 Bf5 28.Bg4 Bxg4 29.hxg4 Qxb3
30.Nxb3 Rec7 31.Rc3 Kf7 32.Rec1 Ke7 33.Nc5 a5 34.Rb3 Ra8 35.a4 Rcc8 36.Rcb1 Ra7
37.Rb6 Rcc7 38.Rb8 g6 39.Kg2 Ng7 40.Kf3 h5 41.Rh8 Kf7 42.Rbb8 hxg4+ 43.Kxg4 Nf5
44.Rh7+ Ng7 45.Kg5 Re7 46.Kh6  1-0